Panduan Amalan Aksi Dan Ucapan Standard Perilaku Pegawai JKDM (Record no. 4845)
[ view plain ]
| 000 -LEADER | |
|---|---|
| fixed length control field | nam a22 7a 4500 |
| 005 - DATE AND TIME OF LATEST TRANSACTION | |
| control field | 20200826110210.0 |
| 008 - FIXED-LENGTH DATA ELEMENTS--GENERAL INFORMATION | |
| fixed length control field | 200826b2016 my ||||| |||| 00| 0 eng d |
| 040 ## - CATALOGING SOURCE | |
| Original cataloging agency | AKMAL |
| 082 ## - DEWEY DECIMAL CLASSIFICATION NUMBER | |
| Edition number | 352.448595 JKDM |
| 090 ## - LOCALLY ASSIGNED LC-TYPE CALL NUMBER (OCLC); LOCAL CALL NUMBER (RLIN) | |
| Classification number (OCLC) (R) ; Classification number, CALL (RLIN) (NR) | 352.448595 |
| Local cutter number (OCLC) ; Book number/undivided call number, CALL (RLIN) | JKDM |
| 245 ## - TITLE STATEMENT | |
| Title | Panduan Amalan Aksi Dan Ucapan Standard Perilaku Pegawai JKDM |
| Remainder of title | (buku ini hendaklah dibaca bersama-sama Perintah Am Jabatan Bil. 112) |
| 250 ## - EDITION STATEMENT | |
| Edition statement | Edisi 1 |
| 260 ## - PUBLICATION, DISTRIBUTION, ETC. | |
| Place of publication, distribution, etc. | Putrajaya |
| Name of publisher, distributor, etc. | Jabatan Kastam Diraja Malaysia |
| Date of publication, distribution, etc. | 2016 |
| 264 ## - PRODUCTION, PUBLICATION, DISTRIBUTION, MANUFACTURE, AND COPYRIGHT NOTICE | |
| Place of production, publication, distribution, manufacture | Putrajaya |
| Name of producer, publisher, distributor, manufacturer | Jabatan Kastam Diraja Malaysia |
| Date of production, publication, distribution, manufacture, or copyright notice | 2016 |
| 300 ## - PHYSICAL DESCRIPTION | |
| Extent | 28pg |
| Dimensions | 25cm |
| 942 ## - ADDED ENTRY ELEMENTS (KOHA) | |
| Source of classification or shelving scheme | |
| Koha item type | Book |
| Withdrawn status | Lost status | Source of classification or shelving scheme | Damaged status | Not for loan | Collection code | Home library | Current library | Shelving location | Date acquired | Inventory number | Total Checkouts | Date last seen | Price effective from | Koha item type |
|---|---|---|---|---|---|---|---|---|---|---|---|---|---|---|
| NON-FICTION | AKMAL Melaka | AKMAL Melaka | PINJAMAN | 26.08.2020 | 000041 | 26.08.2020 | 26.08.2020 | Book |
